000 00468nam a2200169 a 4500
005 20140414132041.0
008 040602s19uu xx 00 eng d
020 _a0-590-72475-4
050 _aBB
_bEv2 1990
245 _aEvery insects /
_cillustration by Nicole Rubel.
260 _aNew York :
_bScholastic,
_c1990.
300 _a19 p. : ill. ; cm.
440 _aBig Book Magazine
650 _aInsects--Juvenile literature.
999 _c113842
_d113842